Statistics for Elements With The Highest Boiling Points

Click here to take the quiz!

General Stats

  • This quiz has been taken 9 times
  • The average score is 11 of 19

Answer Stats

Boiling Point (K)Element% Correct
4,300 (tie)Carbon & Protactinium
100%
4,098Platinum
71%
5,828Tungsten
71%
4,876Hafnium
57%
4,701Iridium
57%
4,912Molybdenum
57%
4,273Neptunium
57%
5,017Niobium
57%
5,285Osmium
57%
5,869Rhenium
57%
3,968Rhodium
57%
4,423Ruthenium
57%
5,731Tantalum
57%
4,538Technetium
57%
5,061Thorium
57%
4,404Uranium
57%
4,682Zirconium
57%
(5,800)Rutherfordium
43%
4,200Boron
29%

Score Distribution

Percentile by Number Answered

Percent of People with Each Score

Your Score History

You have not taken this quiz